| 000 | 00566nam a2200181Ia 4500 | ||
|---|---|---|---|
| 005 | 20250923145304.0 | ||
| 008 | 008 250917s9999 xx 000 0 eng d | ||
| 037 | _aTextual | ||
| 040 |
_aDSWL _beng _cDSWL |
||
| 041 |
_aeng _2eng |
||
| 084 | _qDSWL | ||
| 100 |
_aPhatak, Pramila _9833717 |
||
| 245 | 0 |
_aBehavior Problems of Normal School Going of Seven, Eight, Nine and Ten Years of Age As Indicate _cby Pramila Phatak |
|
| 260 |
_aBroda _bChild Dev. Deptt. M.S. University Baroda _c1973 |
||
| 300 | _aiv,68p. | ||
| 942 | _cTEXL | ||
| 999 |
_c1449518 _d1449518 |
||